[Event "Torquay op 48th"]
[Site "Torquay"]
[Date "2014.11.16"]
[Round "4"]
[White "Archer Lock, Adrian"]
[Black "Brusey, Alan W"]
[Result "1-0"]
[WhiteElo "1995"]
[BlackElo "1991"]
[PlyCount "57"]
[EventDate "2014.11.14"]
[EventType "swiss"]
[EventRounds "5"]
[EventCountry "ENG"]
[SourceTitle "EXT 2022"]
[Source "ChessBase"]
[SourceDate "2021.10.06"]
[SourceVersion "1"]
[SourceVersionDate "2021.10.06"]
[SourceQuality "1"]

1. d4 d5 2. c4 Nc6 3. Nf3 Bg4 4. e3 e5 5. dxe5 d4 6. exd4 Bxf3 7. Qxf3 Qxd4 8. Qe3 0-0-0 9. Be2 Bc5 10. Qxd4 Nxd4 11. Bd1 Re8 12. 0-0 Rxe5 13. Nc3 Nf6 14. Bf4 Re6 15. a3 Bd6 16. Be3 Nc6 17. Nd5 Rg8 18. Nxf6 Rxf6 19. g3 Be5 20. Rb1 Bd4 21. Bf4 Re8 22. Kg2 h5 23. h4 Ne5 24. Ba4 Rg8 25. Rfe1 g5 26. Re4 gxf4 27. Rxd4 c5 28. Re4 f3+ 29. Kg1 1-0

[Event "BCF-ch Week2 AM op"]
[Site "Aberystwyth"]
[Date "2014.07.29"]
[Round "2"]
[White "Archer Lock, Adrian"]
[Black "Girdlestone, Paul C"]
[Result "0-1"]
[WhiteElo "1984"]
[BlackElo "2136"]
[PlyCount "134"]
[EventDate "2014.07.28"]
[EventType "swiss"]
[EventRounds "5"]
[EventCountry "WLS"]
[SourceTitle "EXT 2017"]
[Source "ChessBase"]
[SourceDate "2016.10.25"]
[SourceVersion "1"]
[SourceVersionDate "2016.10.25"]
[SourceQuality "1"]

1. d4 Nf6 2. c4 e6 3. Nf3 b6 4. Bg5 Bb7 5. e3 h6 6. Bh4 c5 7. Nc3 cxd4 8. exd4 Be7 9. Be2 0-0 10. 0-0 d5 11. Rc1 dxc4 12. Bxc4 Nc6 13. Qd2 Rc8 14. Rfd1 Na5 15. Be2 Nd5 16. Bxe7 Qxe7 17. Ne5 Nxc3 18. Rxc3 Rxc3 19. Qxc3 Rc8 20. Qd2 f6 21. Ng6 Qd6 22. Qd3 Bd5 23. b3 Rc7 24. Bf3 Nc6 25. Bxd5 Qxd5 26. Nf4 Qd6 27. g3 Rd7 28. d5 exd5 29. Qxd5+ Qxd5 30. Rxd5 Rxd5 31. Nxd5 Kf7 32. Kf1 Ke6 33. Nf4+ Ke5 34. Ke2 g5 35. Ng2 Ke4 36. f3+ Kd4 37. Kd2 Ne5 38. Ne1 g4 39. Nc2+ Kc5 40. fxg4 Nxg4 41. h4 a5 42. Ke2 h5 43. Kf3 Kd5 44. Kf4 Nh6 45. Ne3+ Kc5 46. a3 b5 47. Nf5 Nf7 48. Ng7 b4 49. a4 Kd4 50. Ne6+ Kc3 51. Nc5 Nd6 52. g4 hxg4 53. Kxg4 Kd4 54. Ne6+ Ke5 55. Nc5 f5+ 56. Kf3 Kd5 57. Nd3 Kd4 58. Nc1 Kc3 59. h5 Kc2 60. h6 Nf7 61. h7 Ng5+ 62. Kf4 Nxh7 63. Ne2 Kxb3 64. Kxf5 Kxa4 65. Ke4 Kb3 66. Kd3 Nf6 67. Nc1+ Kb2 0-1

[Event "British-ch 5-day op AM Week 1"]
[Site "Torquay"]
[Date "2013.08.01"]
[Round "4.5"]
[White "Desmedt, Richard E"]
[Black "Archer Lock, Adrian"]
[Result "0-1"]
[WhiteElo "1853"]
[BlackElo "1967"]
[PlyCount "102"]
[EventDate "2013.07.29"]
[EventType "swiss"]
[EventRounds "5"]
[EventCountry "ENG"]
[SourceTitle "EXT 2023"]
[Source "ChessBase"]
[SourceDate "2022.10.05"]
[SourceVersion "1"]
[SourceVersionDate "2022.10.05"]
[SourceQuality "1"]

1. e4 e6 2. d4 d5 3. e5 c5 4. Qg4 cxd4 5. Bd3 Nc6 6. Nf3 Nge7 7. 0-0 Ng6 8. Re1 Qc7 9. Qg3 Bd7 10. h4 0-0-0 11. h5 Nge7 12. c3 dxc3 13. Nxc3 a6 14. Bd2 g6 15. h6 Nf5 16. Bxf5 gxf5 17. Rac1 Kb8 18. a3 Be7 19. b4 Rhg8 20. Qh3 b5 21. a4 Qb6 22. axb5 axb5 23. Ne2 Rg4 24. Be3 Qb7 25. Bc5 Bxc5 26. Rxc5 Rxb4 27. Ng5 Qb6 28. Qc3 Rg4 29. Nxh7 d4 30. Qc1 d3 31. Nf6 d2 32. Qxd2 Qxc5 33. Nxd7+ Kc7 34. h7 Rxd7 35. Qxd7+ Kxd7 36. h8Q Qxe5 37. Rd1+ Kc7 38. Qe8 Qxe2 39. Rc1 Qe4 40. Qxf7+ Kb6 41. g3 Rxg3+ 42. fxg3 Qe3+ 43. Kg2 Qxc1 44. Qxe6 Qc2+ 45. Kh3 b4 46. Qe3+ Kb5 47. Qe6 b3 48. Qd5+ Ka4 49. g4 fxg4+ 50. Kxg4 b2 51. Qa2+ Kb4 0-1

[Event "British-ch 5-day op AM Week 1"]
[Site "Torquay"]
[Date "2013.07.29"]
[Round "1"]
[White "Archer Lock, Adrian"]
[Black "Ash, Michael"]
[Result "1/2-1/2"]
[WhiteElo "1967"]
[BlackElo "1775"]
[PlyCount "92"]
[EventDate "2013.07.29"]
[EventType "swiss"]
[EventRounds "5"]
[EventCountry "ENG"]
[SourceTitle "EXT 2023"]
[Source "ChessBase"]
[SourceDate "2022.10.05"]
[SourceVersion "1"]
[SourceVersionDate "2022.10.05"]
[SourceQuality "1"]

1. d4 Nf6 2. c4 e6 3. Nc3 Bb4 4. Qc2 c5 5. e3 0-0 6. Bd3 Nc6 7. Nf3 h6 8. Bd2 d5 9. cxd5 Bxc3 10. Bxc3 Nxd5 11. dxc5 Ndb4 12. Bxb4 Nxb4 13. Bh7+ Kh8 14. Qa4 a5 15. a3 Bd7 16. Qb3 Kxh7 17. axb4 axb4 18. 0-0 Qc7 19. Qxb4 Rxa1 20. Rxa1 Rc8 21. Rc1 b6 22. c6 Kg8 23. Nd4 e5 24. Nb5 Qb7 25. h3 Rxc6 26. Rd1 Rc5 27. Nd6 Qc7 28. Qe4 Bc6 29. Qf5 Ba4 30. Rd2 Bb3 31. Qg4 Be6 32. Qg3 Kf8 33. Kh2 f6 34. Qg6 Qe7 35. f4 Rd5 36. Rxd5 Bxd5 37. Nf5 Qf7 38. Qxf7+ Kxf7 39. fxe5 fxe5 40. g4 Kf6 41. Kg3 h5 42. Nd6 hxg4 43. hxg4 Ke6 44. Nb5 g5 45. b4 e4 46. Nc7+ Ke5 1/2-1/2

[Event "Paignton op"]
[Site "Paignton"]
[Date "2012.09.03"]
[Round "2"]
[White "Collier, David"]
[Black "Archer Lock, Adrian"]
[Result "1/2-1/2"]
[WhiteElo "2114"]
[BlackElo "1959"]
[PlyCount "94"]
[EventDate "2012.09.02"]
[EventType "swiss"]
[EventRounds "7"]
[EventCountry "ENG"]
[SourceTitle "CBM 150 Extra"]
[Source "ChessBase"]
[SourceDate "2012.10.19"]
[SourceVersion "1"]
[SourceVersionDate "2012.10.19"]
[SourceQuality "1"]

1. d4 d5 2. Nf3 Nf6 3. g3 Bf5 4. Bg2 e6 5. 0-0 Bd6 6. c4 c6 7. b3 Qe7 8. Bb2 Nbd7 9. Nbd2 h5 10. Re1 Ne4 11. a3 h4 12. Nf1 hxg3 13. fxg3 Bh3 14. e3 Bxg2 15. Kxg2 Qf6 16. Re2 g5 17. N3d2 Qf5 18. Nxe4 Qxe4+ 19. Kg1 0-0-0 20. Qc2 Nf6 21. Qxe4 Nxe4 22. Nd2 Nxd2 23. Rxd2 f5 24. c5 Bc7 25. Re1 Rh6 26. Rg2 Rg8 27. Bc1 Rhg6 28. Ree2 e5 29. Ref2 Rf8 30. a4 f4 31. exf4 exf4 32. Rf3 Re8 33. Bd2 Re4 34. Rd3 Rf6 35. Kf2 Rfe6 36. Kf1 Re8 37. Rf2 Bd8 38. b4 Bf6 39. Bc3 Re3 40. Rf3 Re2 41. Rf2 R2e3 42. Rf3 Rxf3+ 43. Rxf3 Re4 44. gxf4 gxf4 45. Rh3 Kd7 46. Rh6 Ke6 47. h4 Kf7 1/2-1/2

[Event "EU-ch U18"]
[Site "Prague"]
[Date "2012.08.25"]
[Round "9"]
[White "Sosovicka, Juraj"]
[Black "Archer Lock, Adrian"]
[Result "1/2-1/2"]
[WhiteElo "2108"]
[BlackElo "1923"]
[PlyCount "42"]
[EventDate "2012.08.17"]
[EventType "swiss"]
[EventRounds "9"]
[EventCountry "CZE"]
[SourceTitle "CBM 150 Extra"]
[Source "ChessBase"]
[SourceDate "2012.10.19"]
[SourceVersion "1"]
[SourceVersionDate "2012.10.19"]
[SourceQuality "1"]

1. e4 e6 2. d4 d5 3. Nd2 dxe4 4. Nxe4 Nd7 5. Nf3 Ngf6 6. Nxf6+ Nxf6 7. c3 c5 8. Ne5 a6 9. Be3 Qc7 10. Qa4+ Bd7 11. Nxd7 Nxd7 12. 0-0-0 Rd8 13. Be2 Be7 14. dxc5 Bxc5 15. Bxc5 Qxc5 16. Qd4 Qxd4 17. Rxd4 Ke7 18. Rhd1 Ne5 19. Kb1 Nc6 20. Rxd8 Rxd8 21. Rxd8 Kxd8 1/2-1/2

[Event "EU-ch U18"]
[Site "Prague"]
[Date "2012.08.23"]
[Round "7"]
[White "Starek, Stanislav"]
[Black "Archer Lock, Adrian"]
[Result "1/2-1/2"]
[WhiteElo "2052"]
[BlackElo "1923"]
[PlyCount "89"]
[EventDate "2012.08.17"]
[EventType "swiss"]
[EventRounds "9"]
[EventCountry "CZE"]
[SourceTitle "CBM 150 Extra"]
[Source "ChessBase"]
[SourceDate "2012.10.19"]
[SourceVersion "1"]
[SourceVersionDate "2012.10.19"]
[SourceQuality "1"]

1. d4 d5 2. c4 dxc4 3. Nf3 c5 4. e3 cxd4 5. exd4 Nf6 6. Bxc4 e6 7. 0-0 Be7 8. Nc3 a6 9. a4 0-0 10. Qe2 Nc6 11. Rd1 Nb4 12. Bg5 Nfd5 13. Bxe7 Nxe7 14. Ne5 Ned5 15. Ra3 Bd7 16. Qg4 Nf6 17. Qf3 Bc6 18. Nxc6 Nxc6 19. Ne4 Nxe4 20. Qxe4 Qe7 21. Rh3 g6 22. Qf4 h5 23. Rg3 Rad8 24. h3 Rd6 25. d5 e5 26. Qf3 h4 27. Rg4 Nd4 28. Qe3 Nf5 29. Qa3 Nh6 30. Re4 f5 31. Re3 Nf7 32. Rde1 Rc8 33. b3 Re8 34. Qb2 Qf6 35. Kf1 Kg7 36. Kg1 Kg8 37. Qc3 Kg7 38. Qb4 Qe7 39. Kf1 Rd7 40. d6 Qxd6 41. Qxd6 Nxd6 42. Rxe5 Rxe5 43. Rxe5 Nxc4 44. bxc4 Rc7 45. c5 1/2-1/2

[Event "EU-ch U18"]
[Site "Prague"]
[Date "2012.08.22"]
[Round "6"]
[White "Papakonstantinou, Dimitrios"]
[Black "Archer Lock, Adrian"]
[Result "1-0"]
[WhiteElo "2129"]
[BlackElo "1923"]
[PlyCount "55"]
[EventDate "2012.08.17"]
[EventType "swiss"]
[EventRounds "9"]
[EventCountry "CZE"]
[SourceTitle "CBM 150 Extra"]
[Source "ChessBase"]
[SourceDate "2012.10.19"]
[SourceVersion "1"]
[SourceVersionDate "2012.10.19"]
[SourceQuality "1"]

1. e4 e6 2. d4 d5 3. Nd2 dxe4 4. Nxe4 Nd7 5. Nf3 Ngf6 6. Nxf6+ Nxf6 7. c3 c5 8. Ne5 cxd4 9. Bb5+ Bd7 10. Nxd7 Nxd7 11. Qxd4 a6 12. Ba4 b5 13. Bc2 Nc5 14. Qe3 Be7 15. 0-0 0-0 16. Qh3 g6 17. Bh6 Re8 18. Qg3 Bf8 19. Rad1 Qc8 20. Bg5 Qc6 21. h4 Rac8 22. Rfe1 Be7 23. h5 Bxg5 24. Qxg5 Qc7 25. Rd4 Qe7 26. Qg3 Nd7 27. hxg6 hxg6 28. Bxg6 1-0

[Event "World ol U16 09th"]
[Site "Burdur"]
[Date "2010.12.04"]
[Round "10"]
[White "Archer Lock, Adrian"]
[Black "Biazliudau, Stanislau"]
[Result "1/2-1/2"]
[WhiteElo "1844"]
[BlackElo "2205"]
[PlyCount "131"]
[EventDate "2010.11.27"]
[EventType "team-swiss"]
[EventRounds "10"]
[EventCountry "TUR"]
[SourceTitle "CBM 139 Extra"]
[Source "ChessBase"]
[SourceDate "2011.01.05"]
[SourceVersion "1"]
[SourceVersionDate "2011.01.05"]
[SourceQuality "1"]
[WhiteTeam "England"]
[BlackTeam "Belarus"]
[WhiteTeamCountry "ENG"]
[BlackTeamCountry "BLR"]

1. d4 d5 2. c4 e6 3. Nc3 Nf6 4. Bf4 c6 5. e3 Qa5 6. a3 Ne4 7. Qc1 f5 8. Nf3 Qd8 9. Qd1 Bd6 10. Bxd6 Qxd6 11. Ne5 0-0 12. Bd3 Nd7 13. f4 Qe7 14. 0-0 Nxe5 15. fxe5 Bd7 16. Nxe4 fxe4 17. Bc2 Qg5 18. Qe2 h6 19. Rxf8+ Rxf8 20. Rf1 Rxf1+ 21. Kxf1 Be8 22. c5 Qh4 23. h3 Bh5 24. Qf2 Qd8 25. b4 b6 26. Qd2 Qb8 27. Bd1 Bf7 28. Qc2 Qb7 29. Be2 b5 30. Bd1 Be8 31. Qd2 Qa6 32. Qb2 Kf8 33. Qf2+ Ke7 34. Qb2 Kd8 35. Qa2 Kc7 36. Kg1 Kd8 37. Qb2 Qb7 38. Qd2 Qe7 39. Qf2 h5 40. g3 Bf7 41. Kg2 Ke8 42. Kg1 Qd8 43. Kg2 a5 44. Qd2 axb4 45. axb4 Qa8 46. Qb2 Bg6 47. Kh2 Kf8 48. Kg2 Kg8 49. Kh2 Qa6 50. Kg2 Qa7 51. Kg1 Bf5 52. Kg2 Qf7 53. Qe2 Bg6 54. Qf2 Qa7 55. Qb2 Kh7 56. Kh2 Qf7 57. Qe2 Kh6 58. Kg1 Qf5 59. Kg2 Qg5 60. Qf2 Kh7 61. Kh2 Qe7 62. Kg2 Qa7 63. Qb2 Qa8 64. Kh2 Be8 65. Kg2 Qa6 66. Kh2 1/2-1/2

[Event "World ol U16 09th"]
[Site "Burdur"]
[Date "2010.11.28"]
[Round "2"]
[White "Archer Lock, Adrian"]
[Black "Al Tarbosh, Ward"]
[Result "1/2-1/2"]
[WhiteElo "1844"]
[BlackElo "2258"]
[PlyCount "114"]
[EventDate "2010.11.27"]
[EventType "team-swiss"]
[EventRounds "10"]
[EventCountry "TUR"]
[SourceTitle "CBM 139 Extra"]
[Source "ChessBase"]
[SourceDate "2011.01.05"]
[SourceVersion "1"]
[SourceVersionDate "2011.01.05"]
[SourceQuality "1"]
[WhiteTeam "England"]
[BlackTeam "Syria"]
[WhiteTeamCountry "ENG"]
[BlackTeamCountry "SYR"]

1. d4 d5 2. c4 c6 3. cxd5 cxd5 4. Nc3 Nf6 5. Bf4 Nc6 6. e3 Bf5 7. Nf3 e6 8. Bb5 Bd6 9. Bxd6 Qxd6 10. 0-0 0-0 11. a3 Rfc8 12. Bd3 Bg4 13. Be2 Na5 14. Ne5 Bxe2 15. Nxe2 Nc4 16. Nxc4 dxc4 17. Nc3 b5 18. b4 a5 19. Nxb5 Qb6 20. Nc3 axb4 21. axb4 Qxb4 22. Qc2 Rxa1 23. Rxa1 Qb3 24. Rc1 Ra8 25. Kf1 Qb8 26. g3 Qb7 27. e4 Rd8 28. Rd1 h5 29. f3 h4 30. Ne2 Qc7 31. Rc1 Rc8 32. Kf2 Nh5 33. e5 g6 34. Qe4 Qe7 35. Qxh4 Qxh4 36. gxh4 Ng7 37. Ng3 Kf8 38. Ke3 Ke7 39. Ke4 Ne8 40. f4 Kd7 41. h5 f5+ 42. Ke3 gxh5 43. Nxh5 Ke7 44. Ng3 Nc7 45. Ne2 Nd5+ 46. Kd2 Rh8 47. Rxc4 Rxh2 48. Kd3 Rh3+ 49. Kd2 Rh2 50. Kd3 Rh3+ 51. Kd2 Rf3 52. Ra4 Nxf4 53. Nxf4 Rxf4 54. Ra7+ Ke8 55. Ke3 Rg4 56. Rh7 Rg6 57. d5 Rg4 1/2-1/2

[Event "Uxbridge YM"]
[Site "London"]
[Date "2010.10.28"]
[Round "9"]
[White "Archer Lock, Adrian"]
[Black "Foord, Dominic"]
[Result "1-0"]
[WhiteElo "1862"]
[BlackElo "2071"]
[PlyCount "129"]
[EventDate "2010.10.24"]
[EventType "swiss"]
[EventRounds "9"]
[EventCountry "ENG"]
[SourceTitle "EXT 2011"]
[Source "ChessBase"]
[SourceDate "2010.11.26"]
[SourceVersion "1"]
[SourceVersionDate "2010.11.26"]
[SourceQuality "1"]

1. d4 d6 2. c4 e5 3. d5 g6 4. Nc3 Bg7 5. e4 Ne7 6. Bd3 a5 7. Nge2 Na6 8. Be3 0-0 9. 0-0 f5 10. f4 fxe4 11. Bxe4 Nf5 12. Bf2 Nc5 13. Bc2 Bd7 14. Rb1 Qe7 15. fxe5 Bxe5 16. Qd2 Rae8 17. Nd4 Ng7 18. Nf3 Bf4 19. Qd4 Qf7 20. Rbe1 Rxe1 21. Rxe1 Bg4 22. Bd1 Qd7 23. Ne4 b6 24. Nf6+ Rxf6 25. Qxf6 Nf5 26. Bxc5 bxc5 27. Bc2 Qf7 28. Qxf7+ Kxf7 29. Re4 Be3+ 30. Kh1 h5 31. Re6 Bc1 32. Bxf5 Bxf5 33. Re2 Bd3 34. Rf2 Kg7 35. Ne1 Bf5 36. h3 Be3 37. Re2 Bg5 38. Kh2 Bf6 39. g3 Kf7 40. Kg2 Bb1 41. b3 g5 42. g4 hxg4 43. hxg4 Bc3 44. a4 Bf6 45. Kf3 Bg6 46. Nc2 Be5 47. Ne3 Kf6 48. Rf2 Ke7 49. Nf5+ Kd7 50. Rf1 Ke8 51. Rh1 Kf7 52. Ke3 Bb2 53. Rf1 Ke8 54. Kd2 Be5 55. Rf2 Bf4+ 56. Kd1 Kf7 57. Nh4 gxh4 58. Rxf4+ Kg7 59. g5 Bh5+ 60. Kd2 Kg6 61. Rxh4 Kxg5 62. Re4 Kf6 63. Re6+ Kf7 64. Rh6 Bg4 65. Rh7+ 1-0

[Event "BCF-chT4 0607 (4NCL)"]
[Site "Sunningdale"]
[Date "2007.05.28"]
[Round "11.162"]
[White "Moore, Andrew"]
[Black "Archer Lock, Adrian"]
[Result "0-1"]
[WhiteElo "1885"]
[BlackElo "1760"]
[PlyCount "116"]
[EventDate "2006.09.16"]
[EventType "team"]
[EventRounds "11"]
[EventCountry "ENG"]
[SourceTitle "EXT 2008"]
[Source "ChessBase"]
[SourceDate "2007.11.25"]
[SourceVersion "1"]
[SourceVersionDate "2007.11.25"]
[SourceQuality "1"]
[WhiteTeam "AMCA Hippos"]
[BlackTeam "Conquistadors II"]
[WhiteTeamCountry "ENG"]
[BlackTeamCountry "ENG"]

1. d4 Nf6 2. c4 g6 3. Nc3 Bg7 4. e4 d6 5. Be3 0-0 6. Bd3 Ng4 7. h3 Nxe3 8. fxe3 e5 9. Nf3 Nc6 10. Bc2 Bh6 11. Qe2 Nb4 12. 0-0-0 exd4 13. Nxd4 Nxc2 14. Kxc2 Qe7 15. Rhf1 Be6 16. Rf3 a6 17. Rg3 Bg7 18. a4 Bd7 19. Qd3 Rac8 20. Rf3 Bxd4 21. exd4 f5 22. Nd5 Qg7 23. b3 Be6 24. Re1 Bxd5 25. exd5 Rce8 26. Re6 Re7 27. Rxe7 Qxe7 28. Re3 Qh4 29. Re2 Qf4 30. b4 Kf7 31. c5 dxc5 32. bxc5 Re8 33. Rxe8 Kxe8 34. c6 bxc6 35. dxc6 Qf2+ 36. Qd2 Qxd2+ 37. Kxd2 Ke7 38. Kc3 Kd6 39. Kb4 Kxc6 40. Ka5 Kb7 41. Kb4 Kb6 42. d5 g5 43. a5+ Kb7 44. Kc4 Kc8 45. Kd4 Kd7 46. Ke5 g4 47. Kxf5 gxh3 48. gxh3 Kd6 49. Ke4 Kc5 50. Ke5 Kb5 51. h4 Kxa5 52. h5 Kb5 53. h6 a5 54. Kf6 a4 55. Kg7 a3 56. Kxh7 a2 57. Kg8 a1Q 58. h7 Kc5 0-1